000 00251nam a22000977a 4500
008 231218b |||||||| |||| 00| 0 eng d
020 _a1556612370
100 _aDave
_97740
245 _aSpy for the Night Riders
260 _aMinnesota
_bBethany House
_c1992
999 _c12523
_d12523